000 00461nam a2200181Ia 4500
001 55386
008 140505s9999 xx 000 0 und d
020 _a1560723750
040 _cPK-LaUMT
082 _aMAL 302.2
_bOKU-M
100 _aOkujava, V. M.
245 _aMechanisms of cortical inhibition
_cOkujava, V. M.
260 _aNew York,USA:
_bNova Science Publishers,
_c1997
300 _a126 p.
546 _aEN
650 _aMental health
942 _cBK
999 _c52729
_d52729